<?xml version="1.0" encoding="UTF-8"?>
<record
    xmlns:xsi="http://www.w3.org/2001/XMLSchema-instance"
    xsi:schemaLocation="http://www.loc.gov/MARC21/slim http://www.loc.gov/standards/marcxml/schema/MARC21slim.xsd"
    xmlns="http://www.loc.gov/MARC21/slim">

  <leader>02008cam a22002535a 4500</leader>
  <controlfield tag="001">18052894</controlfield>
  <controlfield tag="005">20160308154308.0</controlfield>
  <controlfield tag="008">140228t2014    ilua   frb    001 0 eng d</controlfield>
  <datafield tag="020" ind1=" " ind2=" ">
    <subfield code="a">9780867156393</subfield>
  </datafield>
  <datafield tag="040" ind1=" " ind2=" ">
    <subfield code="a">DNLM/DLC</subfield>
    <subfield code="c">DLC</subfield>
    <subfield code="d">DLC</subfield>
    <subfield code="d">EG-ScBUE</subfield>
    <subfield code="b">eng</subfield>
  </datafield>
  <datafield tag="082" ind1="0" ind2="4">
    <subfield code="a">617.695</subfield>
    <subfield code="2">22</subfield>
    <subfield code="b">HIG</subfield>
  </datafield>
  <datafield tag="245" ind1="0" ind2="0">
    <subfield code="a">High-strength ceramics :</subfield>
    <subfield code="b">interdisciplinary perspectives /</subfield>
    <subfield code="c">edited by Jonathan L. Ferencz, Nelson R.F.A. Silva, Jose M. Navarro.</subfield>
  </datafield>
  <datafield tag="260" ind1=" " ind2=" ">
    <subfield code="a">Hanover Park :</subfield>
    <subfield code="b">Quintessence Publishing,</subfield>
    <subfield code="c">c.2014.</subfield>
  </datafield>
  <datafield tag="300" ind1=" " ind2=" ">
    <subfield code="a">xi, 284 p. :</subfield>
    <subfield code="b">ill. (some col.) ;</subfield>
    <subfield code="c">29 cm.</subfield>
  </datafield>
  <datafield tag="500" ind1=" " ind2=" ">
    <subfield code="a">Index : p. 279-284.</subfield>
  </datafield>
  <datafield tag="504" ind1=" " ind2=" ">
    <subfield code="a">Includes bibliographical references.</subfield>
  </datafield>
  <datafield tag="505" ind1="0" ind2=" ">
    <subfield code="a">Challenges in engineering and testing of dental bioceramics / Paulo G. Coelho and Timothy G. Bromage -- The role of industry in developing new ceramics / George W. Tysowsky and Robert Gottlander -- Practice-based research on the effectiveness of ceramics / Van P. Thompson and Kenneth A. Malament -- Posterior partial coverage restorations : inlays and onlays / Petra C. Guess -- Individual ceramic crowns for teeth / Estevam A. Bonfante and Stefano Gracis -- Ceramic veneers / Usana Morimoto, Marcelo A. Calamita, Christian Coachman, and Galip Gurel -- Fixed partial dentures for anterior and posterior teeth / Irena Sailer -- Ceramic applications to restore implants / Joerg R. Strub and Michael. V. Swain -- Cementation procedures for ceramics / Matthias Kern -- Monolithic zirconium oxide complete-arch reconstructions / Esther Grob and Mario Sisera -- Successful ceramic application on various substructures / Murilo Calgaro, Victor Clavijo, Rogerio Goulart, and Willy Clavijo -- Ceramic implants : myth or reality / Ralf Kohal and Eric Van Dooren -- Digital workflow in reconstructive dentistry / Wael Att and Michael Girard.</subfield>
  </datafield>
  <datafield tag="650" ind1=" " ind2="0">
    <subfield code="a">Dental ceramics.</subfield>
    <subfield code="2">BUEsh</subfield>
  </datafield>
  <datafield tag="653" ind1=" " ind2=" ">
    <subfield code="b">DDent</subfield>
    <subfield code="c">March2016</subfield>
  </datafield>
  <datafield tag="700" ind1="1" ind2=" ">
    <subfield code="a">Ferencz, Jonathan L.,</subfield>
    <subfield code="e">editor.</subfield>
  </datafield>
  <datafield tag="700" ind1="1" ind2=" ">
    <subfield code="a">Silva, Nelson R. F. A.,</subfield>
    <subfield code="e">editor.</subfield>
  </datafield>
  <datafield tag="700" ind1="1" ind2=" ">
    <subfield code="a">Navarro, Jose M.,</subfield>
    <subfield code="e">editor.</subfield>
  </datafield>
  <datafield tag="942" ind1=" " ind2=" ">
    <subfield code="2">ddc</subfield>
  </datafield>
  <datafield tag="999" ind1=" " ind2=" ">
    <subfield code="c">21345</subfield>
    <subfield code="d">21317</subfield>
  </datafield>
  <datafield tag="952" ind1=" " ind2=" ">
    <subfield code="0">0</subfield>
    <subfield code="1">0</subfield>
    <subfield code="2">ddc</subfield>
    <subfield code="4">0</subfield>
    <subfield code="7">0</subfield>
    <subfield code="8">Al-Dar AlA</subfield>
    <subfield code="a">MAIN</subfield>
    <subfield code="b">MAIN</subfield>
    <subfield code="c">1ST</subfield>
    <subfield code="d">2016-03-08</subfield>
    <subfield code="e">Purchase</subfield>
    <subfield code="g">1575.00</subfield>
    <subfield code="h">582</subfield>
    <subfield code="l">2</subfield>
    <subfield code="m">1</subfield>
    <subfield code="o">617.695 HIG</subfield>
    <subfield code="p">000031909</subfield>
    <subfield code="r">2025-07-15 00:00:00</subfield>
    <subfield code="s">2018-07-05</subfield>
    <subfield code="v">1969.00</subfield>
    <subfield code="y">BB</subfield>
  </datafield>
</record>
